[Event "23rd Hoogeveen Open 2019"]
[Site "Hoogeveen"]
[Date "2019.10.25"]
[Round "8.18"]
[White "Mueer, Sebastian"]
[Black "Hoffman, Ron"]
[Result "1-0"]
[WhiteElo "2194"]
[BlackElo "1991"]
[Annotator "NA"]
[PlyCount "81"]
[EventDate "2019.10.19"]
[EventType "swiss"]
[EventCountry "NED"]
[SourceTitle "playchess.com"]
[Source "ChessBase"]
[SourceQuality "1"]
[TimeControl "40/5400+30:1800+30"]

1. d4 {[%emt 0:02:16]} f5 {[%emt 0:00:00]} 2. Bf4 {[%emt 0:00:03]} Nf6 {[%emt 0:00:08]} 3. e3 {[%emt 0:00:07]} d6 {[%emt 0:00:15]} 4. Nc3 {[%emt 0:00:45]} e6 {[%emt 0:00:15]} 5. Bd3 {[%emt 0:02:08]} Nc6 {[%emt 0:00:36]} 6. Nf3 {[%emt 0:05:56]} Nb4 {[%emt 0:00:12]} 7. Be2 {[%emt 0:02:50]} Be7 {[%emt 0:00:25]} 8. h3 {[%emt 0:01:32]} O-O {[%emt 0:05:02]} 9. g4 {[%emt 0:19:03]} Ne4 {[%emt 0:03:26]} 10. a3 {[%emt 0:20:08]} Nxc3 {[%emt 0:04:39]} 11. bxc3 {[%emt 0:00:09]} Nd5 {[%emt 0:00:13]} 12. Qd3 {[%emt 0:01:38]} Nxf4 {[%emt 0:08:42]} 13. exf4 {[%emt 0:01:31]} c6 {[%emt 0:07:20]} 14. c4 {[%emt 0:02:48]} Qa5+ {[%emt 0:04:00]} 15. c3 {[%emt 0:00:55]} Bd7 {[%emt 0:11:13]} 16. Qe3 {[%emt 0:06:08]} Rae8 {[%emt 0:03:21]} 17. g5 {[%emt 0:00:32]} b6 {[%emt 0:04:53]} 18. O-O {[%emt 0:02:20]} c5 {[%emt 0:02:43]} 19. Rfd1 {[%emt 0:00:52]} Kh8 {[%emt 0:01:51]} 20. h4 {[%emt 0:00:39]} Qa6 {[%emt 0:08:29]} 21. h5 {[%emt 0:02:51]} Qb7 {[%emt 0:00:55]} 22. Nh4 {[%emt 0:04:58]} Qe4 {[%emt 0:10:28]} 23. Ng6+ {[%emt 0:04:26]} Kg8 {[%emt 0:21:51]} 24. Nxf8 {[%emt 0:01:11]} Rxf8 {[%emt 0:00:24]} 25. Bf3 {[%emt 0:00:54]} Qc2 {[%emt 0:00:36]} 26. Rac1 {[%emt 0:09:51]} Qa4 {[%emt 0:00:05]} 27. d5 {[%emt 0:01:40]} Qxc4 {[%emt 0:00:53]} 28. dxe6 {[%emt 0:00:02]} Ba4 {[%emt 0:00:23]} 29. Rd2 {[%emt 0:02:11]} Qa6 {[%emt 0:00:15]} 30. Re1 {[%emt 0:02:15]} Qc8 {[%emt 0:00:44]} 31. c4 {[%emt 0:01:24]} Qa6 {[%emt 0:00:29]} 32. Rxd6 {[%emt 0:01:13]} Bxd6 {[%emt 0:00:23]} 33. e7 {[%emt 0:00:00]} Re8 {[%emt 0:00:00]} 34. Qe6+ {[%emt 0:00:38]} Kh8 {[%emt 0:00:01]} 35. Qxd6 {[%emt 0:00:13]} Qxc4 {[%emt 0:01:00]} 36. Bc6 {[%emt 0:01:05]} Bxc6 {[%emt 0:00:40]} 37. Qxc6 {[%emt 0:00:01]} Qf7 {[%emt 0:00:02]} 38. g6 {[%emt 0:00:28]} Qg8 {[%emt 0:00:32]} 39. Qd7 {[%emt 0:00:51]} c4 {[%emt 0:01:27]} 40. Rd1 {[%emt 0:00:36]} c3 {[%emt 0:00:34]} 41. Qxe8 {[%emt 0:00:58]} 1-0

[Event "23rd Hoogeveen Open 2019"]
[Site "Hoogeveen"]
[Date "2019.10.25"]
[Round "8.19"]
[White "Vogel, Jaap"]
[Black "Advait, Bagri"]
[Result "1/2-1/2"]
[WhiteElo "2123"]
[BlackElo "2231"]
[Annotator "NA"]
[PlyCount "54"]
[EventDate "2019.10.19"]
[EventType "swiss"]
[EventCountry "NED"]
[SourceTitle "playchess.com"]
[Source "ChessBase"]
[SourceQuality "1"]
[TimeControl "40/5400+30:1800+30"]

1. d4 {[%emt 0:00:00]} d5 {[%emt 0:01:51]} 2. Bf4 {[%emt 0:00:07]} Nf6 {[%emt 0:00:18]} 3. e3 {[%emt 0:00:12]} e6 {[%emt 0:00:57]} 4. Nf3 {[%emt 0:00:44]} Bd6 {[%emt 0:01:44]} 5. Bg3 {[%emt 0:00:18]} c5 {[%emt 0:00:52]} 6. c3 {[%emt 0:00:28]} O-O {[%emt 0:01:17]} 7. Nbd2 {[%emt 0:00:47]} Nc6 {[%emt 0:02:23]} 8. Bd3 {[%emt 0:02:05]} b6 {[%emt 0:00:55]} 9. Qe2 {[%emt 0:05:24]} Bb7 {[%emt 0:09:40]} 10. Rd1 {[%emt 0:01:26]} Qe7 {[%emt 0:04:15]} 11. e4 {[%emt 0:12:42]} dxe4 {[%emt 0:02:15]} 12. Nxe4 {[%emt 0:04:51]} Nxe4 {[%emt 0:00:48]} 13. Bxe4 {[%emt 0:01:45]} cxd4 {[%emt 0:12:22]} 14. Bxd6 {[%emt 0:12:03]} Qxd6 {[%emt 0:00:15]} 15. Nxd4 {[%emt 0:00:26]} Nxd4 {[%emt 0:08:13]} 16. Rxd4 {[%emt 0:01:46]} Qe7 {[%emt 0:01:32]} 17. Bxb7 {[%emt 0:02:40]} Qxb7 {[%emt 0:00:13]} 18. O-O {[%emt 0:00:07]} Rfd8 {[%emt 0:03:49]} 19. Rfd1 {[%emt 0:00:36]} Qc7 {[%emt 0:01:40]} 20. Qd3 {[%emt 0:03:38]} Rxd4 {[%emt 0:00:51]} 21. Qxd4 {[%emt 0:00:05]} h6 {[%emt 0:00:47]} 22. h3 {[%emt 0:02:31]} Qc6 {[%emt 0:09:17]} 23. Rd3 {[%emt 0:04:04]} Qb5 {[%emt 0:06:00]} 24. b3 {[%emt 0:11:36]} Rc8 {[%emt 0:03:19]} 25. Rg3 {[%emt 0:04:30]} g6 {[%emt 0:01:03]} 26. c4 {[%emt 0:04:35]} Qc6 {[%emt 0:05:44]} 27. h4 {[%emt 0:05:28]} Qc5 {[%emt 0:01:51]} 1/2-1/2

[Event "23rd Hoogeveen Open 2019"]
[Site "Hoogeveen"]
[Date "2019.10.25"]
[Round "8.20"]
[White "Stavast, Dick"]
[Black "Djukic, Sandra"]
[Result "0-1"]
[WhiteElo "2068"]
[BlackElo "2179"]
[Annotator "NA"]
[PlyCount "72"]
[EventDate "2019.10.19"]
[EventType "swiss"]
[EventCountry "NED"]
[SourceTitle "playchess.com"]
[Source "ChessBase"]
[SourceQuality "1"]
[TimeControl "40/5400+30:1800+30"]

1. Nf3 {[%emt 0:00:00]} d5 {[%emt 0:00:00]} 2. e3 {[%emt 0:00:00]} Nf6 {[%emt 0:02:08]} 3. b3 {[%emt 0:00:42]} e6 {[%emt 0:01:22]} 4. Bb2 {[%emt 0:00:48]} b6 {[%emt 0:01:38]} 5. c4 {[%emt 0:07:16]} Bb7 {[%emt 0:17:52]} 6. Nc3 {[%emt 0:03:47]} a6 {[%emt 0:03:43]} 7. Qc2 {[%emt 0:03:32]} dxc4 {[%emt 0:12:24]} 8. bxc4 {[%emt 0:00:24]} c5 {[%emt 0:07:41]} 9. Be2 {[%emt 0:09:23]} Qc7 {[%emt 0:04:06]} 10. O-O-O {[%emt 0:12:54]} Nbd7 {[%emt 0:00:57]} 11. Kb1 {[%emt 0:02:06]} h6 {[%emt 0:20:02]} 12. h3 {[%emt 0:06:18]} Bd6 {[%emt 0:02:25]} 13. Rhe1 {[%emt 0:02:26]} O-O-O {[%emt 0:11:33]} 14. a3 {[%emt 0:07:41]} Kb8 {[%emt 0:00:07]} 15. d4 {[%emt 0:10:24]} Rhe8 {[%emt 0:04:06]} 16. d5 {[%emt 0:02:07]} exd5 {[%emt 0:00:27]} 17. cxd5 {[%emt 0:00:25]} Ne5 {[%emt 0:04:44]} 18. e4 {[%emt 0:08:31]} Nxf3 {[%emt 0:00:07]} 19. gxf3 {[%emt 0:01:04]} Nh5 {[%emt 0:03:29]} 20. Qa4 {[%emt 0:02:38]} b5 {[%emt 0:00:17]} 21. Bxb5 {[%emt 0:00:38]} axb5 {[%emt 0:00:03]} 22. Nxb5 {[%emt 0:00:05]} Qb6 {[%emt 0:00:04]} 23. e5 {[%emt 0:03:31]} Bf8 {[%emt 0:00:02]} 24. e6 {[%emt 0:02:26]} f6 {[%emt 0:00:04]} 25. d6 {[%emt 0:01:15]} Bc6 {[%emt 0:02:19]} 26. e7 {[%emt 0:03:57]} Bxe7 {[%emt 0:00:46]} 27. dxe7 {[%emt 0:02:47]} Rxd1+ {[%emt 0:00:25]} 28. Qxd1 {[%emt 0:02:58]} Qxb5 {[%emt 0:00:15]} 29. f4 {[%emt 0:01:30]} c4 {[%emt 0:00:09]} 30. Qd6+ {[%emt 0:02:21]} Kb7 {[%emt 0:00:17]} 31. Ka1 {[%emt 0:00:14]} Qd5 {[%emt 0:00:34]} 32. Qb4+ {[%emt 0:00:20]} Kc7 {[%emt 0:00:40]} 33. Bc3 {[%emt 0:01:19]} Nxf4 {[%emt 0:00:19]} 34. Rb1 {[%emt 0:00:19]} Nd3 {[%emt 0:00:43]} 35. Qb6+ {[%emt 0:00:15]} Kd7 {[%emt 0:00:02]} 36. Qa7+ {[%emt 0:00:21]} Ke6 {[%emt 0:00:04]} 0-1

[Event "23rd Hoogeveen Open 2019"]
[Site "Hoogeveen"]
[Date "2019.10.25"]
[Round "8.21"]
[White "Van Foreest, Machteld"]
[Black "Van der Hagen, Loek"]
[Result "1-0"]
[WhiteElo "2142"]
[BlackElo "1983"]
[Annotator "NA"]
[PlyCount "57"]
[EventDate "2019.10.19"]
[EventType "swiss"]
[EventCountry "NED"]
[SourceTitle "playchess.com"]
[Source "ChessBase"]
[SourceQuality "1"]
[TimeControl "40/5400+30:1800+30"]

1. e4 {[%emt 0:00:00]} e6 {[%emt 0:00:00]} 2. d4 {[%emt 0:00:10]} d5 {[%emt 0:00:00]} 3. Nd2 {[%emt 0:00:04]} Nf6 {[%emt 0:00:00]} 4. e5 {[%emt 0:00:04]} Nfd7 {[%emt 0:00:03]} 5. c3 {[%emt 0:00:02]} c5 {[%emt 0:00:20]} 6. Bd3 {[%emt 0:00:04]} Nc6 {[%emt 0:00:19]} 7. Ne2 {[%emt 0:00:05]} cxd4 {[%emt 0:00:28]} 8. cxd4 {[%emt 0:00:05]} f6 {[%emt 0:00:17]} 9. exf6 {[%emt 0:00:02]} Nxf6 {[%emt 0:00:07]} 10. Nf3 {[%emt 0:00:12]} Bd6 {[%emt 0:00:07]} 11. O-O {[%emt 0:00:06]} Qc7 {[%emt 0:00:20]} 12. h3 {[%emt 0:02:26]} O-O {[%emt 0:00:10]} 13. Be3 {[%emt 0:00:40]} Bd7 {[%emt 0:02:12]} 14. Re1 {[%emt 0:00:55]} Rae8 {[%emt 0:01:05]} 15. Rc1 {[%emt 0:03:36]} Qb8 {[%emt 0:00:14]} 16. Nc3 {[%emt 0:12:21]} a6 {[%emt 0:12:33]} 17. a3 {[%emt 0:11:18]} Kh8 {[%emt 0:02:47]} 18. Bb1 {[%emt 0:07:59]} Bf4 {[%emt 0:36:46]} 19. Qd3 {[%emt 0:18:20]} e5 {[%emt 0:03:41]} 20. Bxf4 {[%emt 0:01:05]} exf4 {[%emt 0:02:00]} 21. Nxd5 {[%emt 0:02:00]} g6 {[%emt 0:08:40]} 22. Nxf6 {[%emt 0:00:56]} Rxf6 {[%emt 0:00:19]} 23. Rxe8+ {[%emt 0:06:25]} Qxe8 {[%emt 0:00:16]} 24. Re1 {[%emt 0:03:28]} Re6 {[%emt 0:01:05]} 25. Rxe6 {[%emt 0:00:25]} Bxe6 {[%emt 0:03:11]} 26. d5 {[%emt 0:01:09]} Bxd5 {[%emt 0:02:22]} 27. Qxd5 {[%emt 0:00:06]} Qe2 {[%emt 0:00:08]} 28. Ba2 {[%emt 0:00:19]} Ne7 {[%emt 0:00:51]} 29. Qd4+ {[%emt 0:00:05]} 1-0

[Event "23rd Hoogeveen Open 2019"]
[Site "Hoogeveen"]
[Date "2019.10.25"]
[Round "8.22"]
[White "Barthel, Ansgar"]
[Black "Van der Velde, Henk"]
[Result "1/2-1/2"]
[WhiteElo "2037"]
[BlackElo "2118"]
[Annotator "NA"]
[PlyCount "80"]
[EventDate "2019.10.19"]
[EventType "swiss"]
[EventCountry "NED"]
[SourceTitle "playchess.com"]
[Source "ChessBase"]
[SourceQuality "1"]
[TimeControl "40/5400+30:1800+30"]

1. e4 {[%emt 0:00:00]} c6 {[%emt 0:00:00]} 2. d4 {[%emt 0:00:00]} d5 {[%emt 0:00:00]} 3. Nc3 {[%emt 0:00:00]} dxe4 {[%emt 0:00:03]} 4. Nxe4 {[%emt 0:00:00]} Bf5 {[%emt 0:00:17]} 5. Ng3 {[%emt 0:00:03]} Bg6 {[%emt 0:00:13]} 6. h4 {[%emt 0:00:07]} h6 {[%emt 0:00:13]} 7. Nf3 {[%emt 0:00:05]} e6 {[%emt 0:00:15]} 8. h5 {[%emt 0:03:44]} Bh7 {[%emt 0:00:14]} 9. Bd3 {[%emt 0:00:07]} Bxd3 {[%emt 0:00:15]} 10. Qxd3 {[%emt 0:00:04]} Nf6 {[%emt 0:00:19]} 11. Bd2 {[%emt 0:00:14]} c5 {[%emt 0:00:33]} 12. O-O-O {[%emt 0:05:10]} Nc6 {[%emt 0:00:55]} 13. Be1 {[%emt 0:18:23]} cxd4 {[%emt 0:24:32]} 14. Nxd4 {[%emt 0:00:17]} Nxd4 {[%emt 0:01:23]} 15. Qxd4 {[%emt 0:00:05]} Qxd4 {[%emt 0:00:13]} 16. Rxd4 {[%emt 0:00:04]} Bc5 {[%emt 0:00:30]} 17. Rd3 {[%emt 0:05:04]} Ke7 {[%emt 0:07:25]} 18. Rh4 {[%emt 0:01:53]} Rhd8 {[%emt 0:02:56]} 19. Rb3 {[%emt 0:45:05]} b6 {[%emt 0:02:38]} 20. Bb4 {[%emt 0:02:58]} Rac8 {[%emt 0:20:43]} 21. Ne4 {[%emt 0:00:18]} Nxe4 {[%emt 0:03:17]} 22. Rxe4 {[%emt 0:00:09]} Rd5 {[%emt 0:03:53]} 23. Rh3 {[%emt 0:05:14]} Bxb4 {[%emt 0:02:51]} 24. Rxb4 {[%emt 0:00:04]} Rcd8 {[%emt 0:00:10]} 25. b3 {[%emt 0:00:12]} Rd2 {[%emt 0:03:05]} 26. Rf3 {[%emt 0:01:38]} R8d5 {[%emt 0:04:50]} 27. Rc4 {[%emt 0:01:32]} Rd7 {[%emt 0:03:12]} 28. Rg4 {[%emt 0:01:32]} Kf8 {[%emt 0:00:51]} 29. Rgf4 {[%emt 0:00:55]} Re2 {[%emt 0:01:06]} 30. g4 {[%emt 0:01:31]} f6 {[%emt 0:03:19]} 31. Rc3 {[%emt 0:01:26]} e5 {[%emt 0:00:04]} 32. Rf5 {[%emt 0:00:03]} Kf7 {[%emt 0:00:55]} 33. Rff3 {[%emt 0:01:08]} Re4 {[%emt 0:00:30]} 34. Rfd3 {[%emt 0:01:09]} Ke7 {[%emt 0:02:08]} 35. f3 {[%emt 0:00:34]} Rf4 {[%emt 0:00:43]} 36. Rxd7+ {[%emt 0:00:50]} Kxd7 {[%emt 0:00:01]} 37. Rd3+ {[%emt 0:00:58]} Kc7 {[%emt 0:01:12]} 38. Rc3+ {[%emt 0:00:09]} Kd7 {[%emt 0:00:35]} 39. Rd3+ {[%emt 0:00:04]} Kc7 {[%emt 0:01:15]} 40. Rc3+ {[%emt 0:00:05]} Kd7 {[%emt 0:00:06]} 1/2-1/2

[Event "23rd Hoogeveen Open 2019"]
[Site "Hoogeveen"]
[Date "2019.10.25"]
[Round "8.23"]
[White "Albers, Sasa"]
[Black "Nicolai, Amir"]
[Result "1/2-1/2"]
[WhiteElo "1975"]
[BlackElo "2117"]
[Annotator "NA"]
[PlyCount "75"]
[EventDate "2019.10.19"]
[EventType "swiss"]
[EventCountry "NED"]
[SourceTitle "playchess.com"]
[Source "ChessBase"]
[SourceQuality "1"]
[TimeControl "40/5400+30:1800+30"]

1. e4 {[%emt 0:00:00]} c5 {[%emt 0:00:00]} 2. Nf3 {[%emt 0:00:00]} Nc6 {[%emt 0:00:00]} 3. c3 {[%emt 0:00:00]} Nf6 {[%emt 0:00:00]} 4. e5 {[%emt 0:00:00]} Nd5 {[%emt 0:00:00]} 5. Bc4 {[%emt 0:00:00]} Nb6 {[%emt 0:00:00]} 6. Bb3 {[%emt 0:00:02]} c4 {[%emt 0:00:01]} 7. Bc2 {[%emt 0:00:08]} d5 {[%emt 0:00:03]} 8. exd6 {[%emt 0:00:11]} Qxd6 {[%emt 0:00:06]} 9. O-O {[%emt 0:01:31]} Bg4 {[%emt 0:00:06]} 10. Qe2 {[%emt 0:00:28]} O-O-O {[%emt 0:10:32]} 11. b3 {[%emt 0:14:54]} Qf6 {[%emt 0:22:23]} 12. bxc4 {[%emt 0:01:46]} Bxf3 {[%emt 0:00:15]} 13. Qxf3 {[%emt 0:00:06]} Qxf3 {[%emt 0:00:05]} 14. gxf3 {[%emt 0:00:06]} Nxc4 {[%emt 0:00:24]} 15. f4 {[%emt 0:02:42]} g6 {[%emt 0:03:55]} 16. d4 {[%emt 0:02:00]} e6 {[%emt 0:01:31]} 17. Nd2 {[%emt 0:04:37]} Nxd2 {[%emt 0:01:56]} 18. Bxd2 {[%emt 0:00:22]} Bh6 {[%emt 0:01:22]} 19. Be3 {[%emt 0:01:17]} Rd5 {[%emt 0:07:34]} 20. Rab1 {[%emt 0:13:41]} Kc7 {[%emt 0:07:27]} 21. Rb2 {[%emt 0:10:14]} Rb8 {[%emt 0:05:03]} 22. Be4 {[%emt 0:08:41]} Ra5 {[%emt 0:02:13]} 23. Rfb1 {[%emt 0:02:09]} Ra4 {[%emt 0:04:57]} 24. Kg2 {[%emt 0:14:18]} b6 {[%emt 0:02:56]} 25. Rc1 {[%emt 0:07:47]} Na5 {[%emt 0:01:18]} 26. Bd3 {[%emt 0:00:34]} Nc4 {[%emt 0:02:30]} 27. Re2 {[%emt 0:02:58]} b5 {[%emt 0:02:19]} 28. Rb1 {[%emt 0:00:03]} Kd6 {[%emt 0:07:10]} 29. h4 {[%emt 0:04:10]} Rb6 {[%emt 0:06:20]} 30. h5 {[%emt 0:00:45]} Ra3 {[%emt 0:01:36]} 31. hxg6 {[%emt 0:00:19]} hxg6 {[%emt 0:00:32]} 32. Rb3 {[%emt 0:00:41]} Ra4 {[%emt 0:03:46]} 33. Rb1 {[%emt 0:01:03]} Bf8 {[%emt 0:02:35]} 34. Kf3 {[%emt 0:05:05]} Ra3 {[%emt 0:03:12]} 35. Rb3 {[%emt 0:00:22]} Ra4 {[%emt 0:00:28]} 36. Rb1 {[%emt 0:00:11]} Ra3 {[%emt 0:00:45]} 37. Rb3 {[%emt 0:01:59]} Ra4 {[%emt 0:00:24]} 38. Ke4 {[%emt 0:00:05] Ke5+} 1/2-1/2

[Event "23rd Hoogeveen Open 2019"]
[Site "Hoogeveen"]
[Date "2019.10.25"]
[Round "8.24"]
[White "Slagboom, Leandro"]
[Black "Takawira, Erick"]
[Result "0-1"]
[WhiteElo "1954"]
[BlackElo "2101"]
[Annotator "NA"]
[PlyCount "44"]
[EventDate "2019.10.19"]
[EventType "swiss"]
[EventCountry "NED"]
[SourceTitle "playchess.com"]
[Source "ChessBase"]
[SourceQuality "1"]
[TimeControl "40/5400+30:1800+30"]

1. Nf3 {[%emt 0:00:00]} Nf6 {[%emt 0:00:00]} 2. c4 {[%emt 0:00:00]} e6 {[%emt 0:00:00]} 3. g3 {[%emt 0:00:00]} d5 {[%emt 0:00:00]} 4. Bg2 {[%emt 0:00:00]} Be7 {[%emt 0:00:00]} 5. O-O {[%emt 0:00:00]} O-O {[%emt 0:00:00]} 6. b3 {[%emt 0:00:14]} c5 {[%emt 0:00:00]} 7. Bb2 {[%emt 0:00:18]} Nc6 {[%emt 0:00:00]} 8. cxd5 {[%emt 0:00:17]} Nxd5 {[%emt 0:01:01]} 9. d4 {[%emt 0:15:03]} cxd4 {[%emt 0:04:53]} 10. Nxd4 {[%emt 0:00:23]} Nxd4 {[%emt 0:01:11]} 11. Qxd4 {[%emt 0:06:41]} Bf6 {[%emt 0:01:32]} 12. Qd2 {[%emt 0:00:14]} Bxb2 {[%emt 0:03:02]} 13. Qxb2 {[%emt 0:00:02]} Nf6 {[%emt 0:18:23]} 14. Nc3 {[%emt 0:01:23]} Qe7 {[%emt 0:02:24]} 15. Rfd1 {[%emt 0:02:34]} Rb8 {[%emt 0:02:00]} 16. Rd2 {[%emt 0:06:59]} Bd7 {[%emt 0:09:17]} 17. Rad1 {[%emt 0:01:30]} Bc6 {[%emt 0:01:33]} 18. Bxc6 {[%emt 0:10:23]} bxc6 {[%emt 0:00:01]} 19. Qc2 {[%emt 0:01:44]} Rb4 {[%emt 0:08:05]} 20. Na4 {[%emt 0:04:27]} h5 {[%emt 0:14:39]} 21. Qxc6 {[%emt 0:03:40]} h4 {[%emt 0:01:15]} 22. Nc5 {[%emt 0:02:32]} Rb6 {[%emt 0:01:39]} 0-1

[Event "23rd Hoogeveen Open 2019"]
[Site "Hoogeveen"]
[Date "2019.10.25"]
[Round "8.25"]
[White "Van Dorp, Folke"]
[Black "Stock, Andreas"]
[Result "1/2-1/2"]
[WhiteElo "2086"]
[BlackElo "2076"]
[Annotator "NA"]
[PlyCount "39"]
[EventDate "2019.10.19"]
[EventType "swiss"]
[EventCountry "NED"]
[SourceTitle "playchess.com"]
[Source "ChessBase"]
[SourceQuality "1"]
[TimeControl "40/5400+30:1800+30"]

1. e4 {[%emt 0:00:00]} c5 {[%emt 0:00:00]} 2. Nf3 {[%emt 0:00:00]} Nc6 {[%emt 0:00:24]} 3. Bb5 {[%emt 0:00:00]} d6 {[%emt 0:00:31]} 4. O-O {[%emt 0:00:47]} e5 {[%emt 0:01:35]} 5. h3 {[%emt 0:05:10]} Nf6 {[%emt 0:00:45]} 6. c3 {[%emt 0:00:37]} Be7 {[%emt 0:10:26]} 7. d4 {[%emt 0:01:06]} exd4 {[%emt 0:04:35]} 8. cxd4 {[%emt 0:00:08]} O-O {[%emt 0:01:32]} 9. Re1 {[%emt 0:16:55]} d5 {[%emt 0:09:58]} 10. exd5 {[%emt 0:05:52]} Nxd5 {[%emt 0:03:29]} 11. Nc3 {[%emt 0:00:39]} Be6 {[%emt 0:12:52]} 12. Ne4 {[%emt 0:11:09]} Nxd4 {[%emt 0:04:31]} 13. Nxd4 {[%emt 0:00:55]} cxd4 {[%emt 0:00:18]} 14. Qxd4 {[%emt 0:02:52]} Qa5 {[%emt 0:01:39]} 15. Bf1 {[%emt 0:04:53]} Rfd8 {[%emt 0:27:18]} 16. Bd2 {[%emt 0:04:58]} Qb6 {[%emt 0:04:19]} 17. Qxb6 {[%emt 0:02:06]} Nxb6 {[%emt 0:00:54]} 18. Ba5 {[%emt 0:11:31]} Kf8 {[%emt 0:02:19]} 19. a3 {[%emt 0:01:37]} Rac8 {[%emt 0:00:22]} 20. Be2 {[%emt 0:05:47]} 1/2-1/2

[Event "23rd Hoogeveen Open 2019"]
[Site "Hoogeveen"]
[Date "2019.10.25"]
[Round "8.26"]
[White "De Winter, Arthur"]
[Black "Faber, Hugo"]
[Result "1/2-1/2"]
[WhiteElo "1896"]
[BlackElo "2077"]
[Annotator "NA"]
[PlyCount "94"]
[EventDate "2019.10.19"]
[EventType "swiss"]
[EventCountry "NED"]
[SourceTitle "playchess.com"]
[Source "ChessBase"]
[SourceQuality "1"]
[TimeControl "40/5400+30:1800+30"]

1. e4 {[%emt 0:00:00]} e6 {[%emt 0:00:00]} 2. d4 {[%emt 0:00:00]} d5 {[%emt 0:00:05]} 3. Nd2 {[%emt 0:00:00]} c5 {[%emt 0:00:39]} 4. exd5 {[%emt 0:00:00]} Qxd5 {[%emt 0:00:16]} 5. Ngf3 {[%emt 0:00:22]} cxd4 {[%emt 0:00:14]} 6. Bc4 {[%emt 0:00:07]} Qd6 {[%emt 0:00:17]} 7. O-O {[%emt 0:00:26]} Nf6 {[%emt 0:00:10]} 8. Nb3 {[%emt 0:00:33]} Nc6 {[%emt 0:00:10]} 9. Nbxd4 {[%emt 0:00:30]} Nxd4 {[%emt 0:00:06]} 10. Nxd4 {[%emt 0:00:15]} a6 {[%emt 0:00:05]} 11. c3 {[%emt 0:00:43]} Qc7 {[%emt 0:01:10]} 12. Be2 {[%emt 0:02:53]} Bd6 {[%emt 0:02:58]} 13. h3 {[%emt 0:00:49]} O-O {[%emt 0:02:06]} 14. Bg5 {[%emt 0:10:07]} Ne4 {[%emt 0:04:23]} 15. Be3 {[%emt 0:05:56]} e5 {[%emt 0:11:28]} 16. Nf3 {[%emt 0:06:59]} Bd7 {[%emt 0:08:51]} 17. Bd3 {[%emt 0:06:06]} Bc6 {[%emt 0:07:12]} 18. Qc2 {[%emt 0:05:12]} Nf6 {[%emt 0:06:04]} 19. Ng5 {[%emt 0:05:39]} h6 {[%emt 0:04:05]} 20. Nh7 {[%emt 0:02:11]} Nxh7 {[%emt 0:01:30]} 21. Bxh7+ {[%emt 0:00:31]} Kh8 {[%emt 0:00:02]} 22. Bf5 {[%emt 0:00:48]} Qe7 {[%emt 0:02:28]} 23. Rfe1 {[%emt 0:13:10]} Rae8 {[%emt 0:05:08]} 24. Rad1 {[%emt 0:07:17]} Bc5 {[%emt 0:04:10]} 25. Bxc5 {[%emt 0:07:31]} Qxc5 {[%emt 0:00:03]} 26. Bd7 {[%emt 0:01:09]} Re7 {[%emt 0:01:29]} 27. Bxc6 {[%emt 0:05:10]} Qxc6 {[%emt 0:00:02]} 28. Qf5 {[%emt 0:02:43]} g6 {[%emt 0:01:37]} 29. Qg4 {[%emt 0:01:04]} Kh7 {[%emt 0:01:46]} 30. Qb4 {[%emt 0:03:08]} Rfe8 {[%emt 0:03:32]} 31. Rd6 {[%emt 0:00:49]} Qc7 {[%emt 0:00:09]} 32. Red1 {[%emt 0:00:40]} Kg7 {[%emt 0:00:54]} 33. Qe4 {[%emt 0:01:45]} f5 {[%emt 0:02:25]} 34. Qd5 {[%emt 0:00:47]} Rf8 {[%emt 0:01:17]} 35. c4 {[%emt 0:03:05]} Rff7 {[%emt 0:00:57]} 36. Re1 {[%emt 0:01:01]} e4 {[%emt 0:00:28]} 37. Qd4+ {[%emt 0:00:28]} Kh7 {[%emt 0:00:12]} 38. Rd1 {[%emt 0:01:23]} Qa5 {[%emt 0:02:08]} 39. Rd8 {[%emt 0:01:31]} Qe5 {[%emt 0:00:38]} 40. Qxe5 {[%emt 0:02:15]} Rxe5 {[%emt 0:00:07]} 41. b4 {[%emt 0:31:16]} Ree7 {[%emt 0:31:11]} 42. a4 {[%emt 0:03:39]} f4 {[%emt 0:02:21]} 43. Re1 {[%emt 0:00:50]} e3 {[%emt 0:04:05]} 44. fxe3 {[%emt 0:00:00]} fxe3 {[%emt 0:00:00]} 45. Rd3 {[%emt 0:00:00]} Re4 {[%emt 0:00:55]} 46. Rdxe3 {[%emt 0:00:00]} Rxc4 {[%emt 0:00:00]} 47. Re4 {[%emt 0:00:00]} Rxe4 {[%emt 0:00:00]} 1/2-1/2